| 000 | 00339nam a22001457a 4500 | ||
|---|---|---|---|
| 020 | _qPB. | ||
| 040 | _cFIZZA ISHAQ | ||
| 082 |
_a003.857 _bGAR |
||
| 100 |
_aWILLIAMS, GARNETT. _989453 |
||
| 245 |
_aCHAOS THEORY TOMED / _cGARNETT WILLIAMS. |
||
| 250 | _a1st ED. | ||
| 260 |
_bCRC PRESS, _c1997. |
||
| 300 | _a499 P. ; | ||
| 942 |
_2ddc _cBK |
||
| 999 |
_c588183 _d588183 |
||